LIBRARY & INFORMATION CENTRE, KCAET, TAVANUR

ONLINE PUBLIC ACCESS CATALOGUE (OPAC)

History of India :from the earliest times to the present day / (Record no. 409)

MARC details
000 -LEADER
fixed length control field 00524cam a2200181ua 4500
041 ## - LANGUAGE CODE
Language code of text/sound track or separate title eng
082 ## - DEWEY DECIMAL CLASSIFICATION NUMBER
Classification number 954
Item number KRI/HI
100 ## - MAIN ENTRY--AUTHOR NAME
Personal name Krishna Sinha, Narendra.
245 ## - TITLE STATEMENT
Title History of India :from the earliest times to the present day /
260 ## - PUBLICATION, DISTRIBUTION, ETC. (IMPRINT)
Place of publication Kolkata :
Name of publisher A Mukherjee & Co. Private Ltd ,
Year of publication 1963.
300 ## - PHYSICAL DESCRIPTION
Number of Pages 696 ; .
700 1# - ADDED ENTRY--PERSONAL NAME
Personal name Chandra Banargee, Anila .
942 ## - ADDED ENTRY ELEMENTS (KOHA)
Koha item type Books
Holdings
Withdrawn status Lost status Damaged status Home library Current library Date acquired Full call number Accession Number Koha item type
Withdrawn     KAUAET KAUAET 07/04/2012 954 8015 Books
free website counter